Evaluación de las conclusiones del Primer Congreso

সংরক্ষণ করুন:
গ্রন্থ-পঞ্জীর বিবরন
প্রধান লেখক: Camacho C., Jorge (Author)
বিন্যাস: গ্রন্থ
ভাষা:স্প্যানিশ
প্রকাশিত: Santiago APR 1977
মালা:Tema, 1
বিষয়গুলি:
ট্যাগগুলো: ট্যাগ যুক্ত করুন
কোনো ট্যাগ নেই, প্রথমজন হিসাবে ট্যাগ করুন!

MARC

LEADER 00000nam a2200000 a 4500
001 UCV7004
003 CL-VaPUC
008 901109e19770000CL |||||||||||||||||spa|d
082 0 4 |a 628  |b CAM  |2 21 
100 0 |a Camacho C., Jorge  |e author  |9 300983 
245 1 0 |a Evaluación de las conclusiones del Primer Congreso 
300 |a 36 h 
942 |c BK 
945 |d 19901109 00:00:00 
260 |a Santiago  |b APR  |c 1977 
650 7 |a INGENIERIA SANITARIA  |2 CL-VaPUC  |9 262866 
650 0 |a Congresos  |9 257560 
583 |a last modification  |c 20120517 11:15:53  |k Rodrigo Vera 
490 0 |a Tema, 1 
999 |c 212764  |d 212762 
952 |0 0  |1 0  |4 0  |6 628_000000000000000_CAM_1977  |7 0  |8 A  |9 194346  |a BIBING  |b BIBING  |d 2019-11-14  |i 262544K  |o 628 CAM 1977  |p 262544K  |r 2025-01-20  |w 2019-11-14  |y BK  |k EIQ 
952 |0 0  |1 0  |4 0  |6 628_000000000000000_CAM_1977  |7 0  |8 A  |9 194347  |a BIBTEO  |b BIBTEO  |d 2019-11-14  |i 3386694  |o 628 CAM 1977  |p 3386694  |r 2025-01-17  |w 2019-11-14  |y BK  |k ICR